| 000 | 00562nam a2200181 a 4500 | ||
|---|---|---|---|
| 005 | 20220630201810.0 | ||
| 008 | 991125s1973 ag 000 0 spa u | ||
| 035 | _aUPN01000001780 | ||
| 049 | _aCG | ||
| 050 | 4 |
_aB808.2 _aO4.38 |
|
| 100 | 1 | _aOllman, Bertell | |
| 245 | 1 | 0 |
_aAlienación : _bMarx y su concepción del hombre en la sociedad capitalista / _cBertell Ollman ; tr. Leandro Wolfson. |
| 260 |
_aBuenos Aires : _bAmorrortu, _c1973. |
||
| 300 | _a296 p. | ||
| 440 | 0 | _aBiblioteca de filosofía | |
| 650 | 0 |
_aAlienación (Filosofía) _92190 |
|
| 905 | _aLibro | ||
| 999 |
_c1780 _d1780 |
||